| 000 | 00866nam a2200253Ia 4500 | ||
|---|---|---|---|
| 003 | OSt | ||
| 005 | 20221005081916.0 | ||
| 006 | a|||||r|||| 00| 0 | ||
| 007 | ta | ||
| 008 | 221004b |||||||| |||| 00| 0 eng d | ||
| 020 |
_a8178294133 _c295 |
||
| 024 | _a83984 | ||
| 037 |
_bIN 104, 31/03/2006, The Independent Publishers Group _cTextual |
||
| 040 |
_aCRL _cCRL _beng |
||
| 041 |
_2eng _aeng |
||
| 082 | _aV2jN31, P4;1 | ||
| 100 | _aVarshney Ashutosh Ed. | ||
| 245 | 0 |
_aIndia and the politics of developing countries _b Essays in memory of Myron Weiner edited by Ashutosh Varshney |
|
| 260 |
_aNew Delhi _bSage Publications India _c2004 |
||
| 300 |
_a271p. _ccm. |
||
| 650 | _aINDIA - HISTORY | ||
| 942 |
_hV2jN31, P4;1 _cTEXL _2cc |
||
| 999 |
_c988449 _d988449 |
||